Основы линейной алгебры: учебное пособие

Dades bibliogràfiques
Autor principal: Бухтяк М. С. Михаил Степанович
Autor corporatiu: Томский государственный университет (ТГУ)
Sumari:Излагаются основы теории определителей, систем линейных уравнений, линейных пространств, линейных операторов и квадратичных форм, приводятся примеры, предлагаются упражнения для самостоятельной работы. Учебное пособие разработано к курсу «Линейная алгебра и аналитическая геометрия» (часть первая - «Линейная алгебра») для студентов физического, физико-технического и радиофизического факультетов.
Idioma:rus
Publicat: Томск, Изд-во ТГУ, 2002
Matèries:
Format: MixedMaterials Llibre
KOHA link:https://koha.lib.tpu.ru/cgi-bin/koha/opac-detail.pl?biblionumber=159517

MARC

LEADER 00000nam0a2200000 4500
001 159517
005 20231101222121.0
010 |a 5946210238 
035 |a (RuTPU)RU\TPU\book\173023 
090 |a 159517 
100 |a 20090512d2002 m y0rusy50 ca 
101 0 |a rus 
102 |a RU 
105 |a a j 001zy 
200 1 |a Основы линейной алгебры  |e учебное пособие  |f М. С. Бухтяк  |g Томский государственный университет (ТГУ) 
210 |a Томск  |c Изд-во ТГУ  |d 2002 
215 |a 200 с.  |c ил. 
320 |a Библиогр.: с. 194. 
320 |a Предметный указатель: с. 195-197. 
330 |a Излагаются основы теории определителей, систем линейных уравнений, линейных пространств, линейных операторов и квадратичных форм, приводятся примеры, предлагаются упражнения для самостоятельной работы. Учебное пособие разработано к курсу «Линейная алгебра и аналитическая геометрия» (часть первая - «Линейная алгебра») для студентов физического, физико-технического и радиофизического факультетов. 
606 1 |a Линейная алгебра  |2 stltpush  |3 (RuTPU)RU\TPU\subj\40174  |9 60039 
610 1 |a учебные пособия 
610 1 |a определители 
610 1 |a матрицы 
610 1 |a системы линейных уравнений 
610 1 |a линейные пространства 
610 1 |a линейные операторы 
610 1 |a билинейные формы 
610 1 |a квадратичные формы 
610 1 |a квадратичная метрика 
675 |a 512.64(075.8)  |v 3 
700 1 |a Бухтяк  |b М. С.  |g Михаил Степанович 
712 0 2 |a Томский государственный университет (ТГУ)  |2 stltpush  |3 (RuTPU)RU\TPU\col\397 
801 1 |a RU  |b 63413507  |c 20090512  |g PSBO 
801 2 |a RU  |b 63413507  |c 20090522  |g PSBO 
900 |a Линейная алгебра и аналитическая геометрия 
942 |c BK 
951 |a 510100  |b 010100  |b 010101